5HLuxD.jpg

KING HENRY VIII SENIOR AND PRIMARY SCHOOL LIBRARY OPAC

The Night Shimmy (Record no. 1805)

000 -LEADER
fixed length control field 00527cam0a2200205 4500
001 - CONTROL NUMBER
control field DYNIX__472628
003 - CONTROL NUMBER IDENTIFIER
control field OSt
005 - DATE AND TIME OF LATEST TRANSACTION
control field 20230131095455.0
008 - FIXED-LENGTH DATA ELEMENTS--GENERAL INFORMATION
fixed length control field eng
010 0# - LIBRARY OF CONGRESS CONTROL NUMBER
LC control number 0-552-54936-3
NUCMC control number pbk.
020 ## - INTERNATIONAL STANDARD BOOK NUMBER
International Standard Book Number 9780552549363
040 ## - CATALOGING SOURCE
Transcribing agency STD
Modifying agency KH8
082 ## - DEWEY DECIMAL CLASSIFICATION NUMBER
Classification number 823.914 STR
100 ## - MAIN ENTRY--PERSONAL NAME
Personal name Strauss, Gwenn
Relator term author
210 ## - ABBREVIATED TITLE
Abbreviated title Hong Kong
245 ## - TITLE STATEMENT
Title The Night Shimmy
Statement of responsibility, etc. Gwen Strauss
260 1# - PUBLICATION, DISTRIBUTION, ETC.
Place of publication, distribution, etc. Britain
Name of publisher, distributor, etc. Picture Corgi Books
Date of publication, distribution, etc. 1991.
700 #1 - ADDED ENTRY--PERSONAL NAME
Personal name Browne, Anthony
Relator term Author
942 ## - ADDED ENTRY ELEMENTS (KOHA)
Source of classification or shelving scheme
Koha item type Books - Non Ficton
Holdings
Withdrawn status Lost status Source of classification or shelving scheme Damaged status Not for loan Collection code Permanent Location Current Location Shelving location Date acquired Total Checkouts Full call number Barcode Date last seen Date last checked out Price effective from Koha item type
          Non-Fiction KH8 Primary School Library KH8 Primary School Library Non Fiction 2023-01-31 10 823.914 STR KHPL000003559 2026-02-03 2026-01-27 2023-01-31 Books - Non Ficton

Powered By KH8 IT Dept